Architektonická študentská súťaž Saint-Gobain 2022, Varšava, Poľsko
Saved in:
| Main Author: | |
|---|---|
| Other Authors: | |
| Format: | Manuscript Book |
| Language: | Slovak |
| Published: |
2022
|
| Subjects: | |
| Online Access: | http://is.stuba.sk/zp/portal_zp.pl?podrobnosti=165142 https://opac.crzp.sk/?fn=detailBiblioForm&sid=2990E1F3D3E2554678833759E9F3 |
| Tags: |
No Tags, Be the first to tag this record!
|
MARC
| LEADER | 00000ntm a22000003a 4500 | ||
|---|---|---|---|
| 001 | stuzp88931 | ||
| 003 | SK-STU | ||
| 005 | 20230428074520.9 | ||
| 007 | ta | ||
| 008 | 150427s2015----xo-----f-mn---000-0-slo-d | ||
| 040 | |a STU |b slo | ||
| 041 | 0 | |a slo | |
| 100 | 1 | |a Čačala, Patrik |u 010310 |k Z4 |4 aut |U SvF Stavebná fakulta |T SvF Katedra architektúry |X 87387 |U V181|V310 |Y 19 |7 87387 | |
| 242 | 0 | 1 | |a Architectural Student Contest Saint-Gobain 2022, Warsaw, Poland |y eng |
| 245 | 1 | 0 | |a Architektonická študentská súťaž Saint-Gobain 2022, Varšava, Poľsko |
| 260 | |c 2022 | ||
| 650 | 4 | |a historická budova |2 slo | |
| 650 | 4 | |a Varšava |2 slo | |
| 650 | 4 | |a komunitné centrum |2 slo | |
| 650 | 4 | |a historical building |2 eng | |
| 650 | 4 | |a Warsaw |2 eng | |
| 650 | 4 | |a community center |2 eng | |
| 700 | 1 | |a Nádaská, Zuzana |u 010310 |k Z1 |4 ths |U SvF Stavebná fakulta |T SvF Katedra architektúry |X 790 |U V181|V310 |Y 19 |7 A000000790 | |
| 856 | 4 | |u http://is.stuba.sk/zp/portal_zp.pl?podrobnosti=165142 | |
| 856 | 4 | |u https://opac.crzp.sk/?fn=detailBiblioForm&sid=2990E1F3D3E2554678833759E9F3 | |